| 000 | 01081nam a22002537a 4500 | ||
|---|---|---|---|
| 001 | BD-DhSAU 7469 | ||
| 003 | BD-DhSAU | ||
| 005 | 20230413101809.0 | ||
| 008 | 150422b2006 bg ||||| m||m 00| 0 eng d | ||
| 040 | _aBD-DhSAU | ||
| 082 |
_222 _a338.1 _bH211 |
||
| 100 |
_aHAQUE, MD. MAHMUDUL _eRegistration No. # 19-10401 |
||
| 245 |
_aImpact of covid-19 on livelihoods of street vendors in dhaka city, bangladesh / _bMS thesis |
||
| 260 |
_aSher-e- Bangla Agricultural University: _bDepartment of Development and Poverty Studies, _c2021. |
||
| 300 |
_aix, 90p.: _b30 cm. |
||
| 500 | _aMS thesis of Department of Development and Poverty Studies, Faculty of Agri Business , Sher-e-Bangla Agricultural University, Dhaka, Bangladesh | ||
| 590 | _aNamul | ||
| 650 | _acovid-19 on livelihoods | ||
| 651 | _astreet vendors in dhaka city, | ||
| 700 |
_aProf. Dr. Ashoke Kumar Ghosh _eSuperviser |
||
| 700 |
_aAssist. Prof. Md. Hayder Khan Sujan _eCo-Superviser |
||
| 856 | _uhttp://archive.saulibrary.edu.bd:8080/xmlui/handle/123456789/4863 | ||
| 942 |
_2ddc _cTHESIS |
||
| 999 |
_c16783 _d16782 |
||